|
|
|
|
| LEADER |
00000nab a2200000 a 4500 |
| 001 |
vtls000685368 |
| 003 |
SK-MaSNL |
| 005 |
20260305022704.0 |
| 008 |
250425c1997 xo 0 slo |
| 015 |
|
|
|a SNBRB1998/12-33846
|
| 035 |
|
|
|a CLN000037535
|
| 035 |
|
|
|a urn:nbn:sk:snk-ab6y9u
|
| 035 |
|
|
|a (uuid)cb72dbae-5e32-46db-b827-5a4cc56d65dd
|
| 035 |
|
|
|a (urnnbn)urn:nbn:sk:snk:ar-a069i5
|
| 035 |
|
|
|a (sysno)vtls000685368
|
| 040 |
|
|
|a SNKBUCL
|b slo
|c SNKBUCL
|e AACR2
|
| 041 |
0 |
|
|a slo
|
| 044 |
|
|
|a xo
|c SK
|
| 080 |
|
|
|a 159.922.72:37.018.1
|2 1997
|
| 080 |
|
|
|a 37.018.1
|2 1997
|
| 100 |
1 |
|
|a Štúr, Ivan,
|d 1933-2015
|4 aut
|9 161143
|
| 245 |
1 |
0 |
|a Výchova k pravým hodnotám
|c Ivan Štúr
|
| 300 |
|
|
|b Obr.
|
| 650 |
0 |
7 |
|a výchova
|2 snkbucl
|9 957
|
| 650 |
0 |
7 |
|a morálka
|2 snkbucl
|9 795
|
| 650 |
0 |
7 |
|a etika
|2 snkbucl
|9 792
|
| 650 |
0 |
7 |
|a kvalita života
|2 snkbucl
|9 1705
|
| 650 |
0 |
7 |
|a deti
|2 snkbucl
|9 773
|
| 650 |
0 |
7 |
|a psychológia
|2 snkbucl
|9 807
|
| 655 |
|
7 |
|a články z novín a časopisov
|2 snkbucl
|9 267496
|
| 773 |
0 |
|
|t Dieťa nielen pre rodičov
|g Roč. 3, č. 6 (1997), s. 4-5
|x 1335-0919
|
| 850 |
|
|
|a Slovenská národná knižnica
|
| 852 |
|
|
|a Slovenská národná knižnica
|
| 954 |
|
|
|a odborná, vedecká literatúra pôvodná (slovenská)
|2 lita
|
| 958 |
|
|
|a article27
|
| 958 |
|
|
|a NB
|
| 958 |
|
|
|a OND
|
| 958 |
|
|
|a EUIPO
|
| 999 |
|
|
|c 3292230
|d 3294160
|